| 000 | 00329nam a22001337a 4500 | ||
|---|---|---|---|
| 020 | _a9781465443434 | ||
| 040 | _cNUST | ||
| 082 |
_a520.3 _bBIN |
||
| 100 |
_aNandi, Ishani _982272 |
||
| 245 | _aFirst Space Encyclopedia | ||
| 260 |
_aUSA: _bSarah Larter, _c2016. |
||
| 650 |
_aFirst Space Encyclopedia _9123018 |
||
| 942 |
_2ddc _cBK |
||
| 999 |
_c609355 _d609355 |
||